Úvod do průmyslové metrologie

Salvato in:
Dettagli Bibliografici
Autore principale: Šindelář, Václav
Altri autori: Tůma, Zdeněk
Natura: Libro
Lingua:ceco
Pubblicazione: Praha Institut pro výchovu vedoucích pracovníků MP ČSR 1983
Serie:Příručky specialisty sv. 3
Tags: Aggiungi Tag
Nessun Tag, puoi essere il primo ad aggiungerne!!

MARC

LEADER 00000nam a2200000 4500
001 c113774
005 20251110130406.7
041 0 |a cze 
044 |a CZ 
245 1 0 |a Úvod do průmyslové metrologie  |c Václav Šindelář, Zdeněk Tůma 
264 1 |a Praha  |b Institut pro výchovu vedoucích pracovníků MP ČSR  |c 1983 
300 |a 280 s. 
490 1 |a Příručky specialisty  |v sv. 3 
830 0 |a Příručky specialisty  |v sv. 3 
100 1 |a Šindelář, Václav 
700 1 |a Tůma, Zdeněk